Mecánica para Ingeniería: Dinámica
| Main Authors: | , |
|---|---|
| Format: | Section = Libro |
| Language: | Undetermined Spanish |
| Published: |
México
Pearson Educación
2008
|
| Subjects: |
| LEADER | 00600nam a2200217Ia 4500 | ||
|---|---|---|---|
| 008 | 241007s9999||||xx |||||||||||||| ||und|| | ||
| 020 | |a 978-970-26-1278-0 | ||
| 040 | |a BIBLIOTECA-RURC/ 620.104 B411 | ||
| 041 | |a spa | ||
| 082 | |a 620.104 B411 | ||
| 100 | 1 | |a Bedford, Anthony | |
| 100 | 1 | |b Fowler, Wallace | |
| 245 | 1 | 0 | |a Mecánica para Ingeniería: Dinámica |
| 260 | |a México |b Pearson Educación |c 2008 | ||
| 300 | |a 650 p. :il. | ||
| 650 | 7 | |a MECÁNICA - INGENIERÍA DINÁMICA | |
| 650 | 7 | |b MECÁNICA DE ORBITAS | |
| 650 | 7 | |c CINEMATICA. | |
| 942 | |c BK |2 ddc | ||
| 991 | |a TEXTO | ||
| 999 | |c 14433 | ||